Statistiques concernant BLEACH - Les 10 Espadas

Cliquez ici pour prendre le quiz!

Statistiques générales

  • Ce quiz a été pris 930 fois
    (751 depuis la dernière actualisation)
  • Le résultat moyen est 14 sur 40

Statistiques - réponses

Espada% Correct
N°4Ulquiorra
93%
N°6Grimmjow
91%
N°1Starrk
84%
N°3Harribel
78%
N°2Barragan
73%
N°5Nnoitra
71%
N°10Yammy
61%
N°6Jaggerjack
59%
N°1Coyote
52%
N°8Szayel Aporro
51%
N°4Schiffer
45%
N°9Aaroniero
40%
N°3Tia
40%
N°7Zommari
36%
N°6Pantera
35%
N°8Grantz
33%
N°1Solitude
31%
N°10Colère
28%
N°4Murcielago
28%
N°1Los Lobos
27%
N°5Gilga
26%
N°7Le Roux
26%
N°2Luisenbarn
26%
N°2Vieillesse
24%
N°6Destruction
22%
N°3Sacrifice
21%
N°5Santa Teresa
21%
N°4Vide
21%
N°2Arrogante
18%
N°8Folie
18%
N°10Ira
16%
N°10Riyalgo
16%
N°5Désespoir
15%
N°7Ivresse
14%
N°8Fornicaras
10%
N°9Glotoneria
10%
N°7Brujeria
9%
N°9Cupidité
6%
N°9Arleri
4%
N°3Tiburon
4%

Distribution des résultats

Percentile par nombre de réponses

% des personnes avec chaque résultat

Votre développement - résultats

Vous n’avez pas pris ce quiz depuis la dernière actualisation